| 000 | 00964nam a22002537a 4500 | ||
|---|---|---|---|
| 005 | 20170124103048.0 | ||
| 010 | _aA-913336 | ||
| 020 | _c125.00 | ||
| 035 | _aA-913336 | ||
| 037 | _bCen Lib/Ret | ||
| 040 |
_aDPL _bHN |
||
| 082 |
_aउ _bमायाश |
||
| 100 |
_aमाया 'शबनम' _969730 |
||
| 245 |
_aरेत पर लिखा नाम / _cमाया 'शबनम' |
||
| 246 |
_aRet par likh naam / _bby Maya 'Shabnam' |
||
| 260 |
_aनयी दिल्ली _bप्रकाशन संस्थान _c1997 |
||
| 270 |
_bनयी दिल्ली _a4715/21, दयानंद मार्ग, दरियागंज _e110002 |
||
| 300 |
_a150पृ. _c21सेमी (सजिल्द) |
||
| 650 |
_aहिन्दी साहित्य _969731 |
||
| 650 |
_aउपन्यास _969732 |
||
| 650 |
_aHindi literature _969733 |
||
| 650 |
_aFiction _98901 |
||
| 942 |
_2ddc _cHN _hउ _mमायाश |
||
| 999 |
_c117043 _d117043 |
||